Statistiques concernant Joueurs de Tennis numéros 1 français (ATP)

Cliquez ici pour prendre le quiz!

Statistiques générales

  • Ce quiz a été pris 1 776 fois
    (1 296 depuis la dernière actualisation)
  • Le résultat moyen est 9 sur 17

Statistiques - réponses

PremièreJoueurClassement% Correct
2006Gaël Monfils6
96%
2008Jo-Wilfried Tsonga5
94%
2005Richard Gasquet7
90%
1983Yannick Noah3
88%
2022Adrian Mannarino17
72%
2023Ugo Humbert13
71%
2008Gilles Simon6
63%
2018Lucas Pouille10
51%
1986Henri Leconte5
42%
1990Guy Forget4
37%
2001Sébastien Grosjean4
33%
2001Arnaud Clément10
31%
2022Arthur Rinderknech42
31%
1993Cédric Pioline5
30%
2023Benjamin Bonzi42
21%
1994Arnaud Boetsch12
9%
1999Jérôme Golmard22
3%

Distribution des résultats

Percentile par nombre de réponses

% des personnes avec chaque résultat

Votre développement - résultats

Vous n’avez pas pris ce quiz depuis la dernière actualisation